Pháp luật về dịch vụ đại lý làm thủ tục hải quan : Luận văn Thạc sĩ Luật học. Chuyên ngành Luật Kinh tế

Mục đích nghiên cứu từ thực tiễn làm sáng tỏ những vấn đề lý luận; đồng thời đánh giá thực trạng quy định của pháp luật dịch vụ đại lý làm thủ tục hải quan. Từ đó, đề xuất các giải pháp để hoàn thiện pháp luật cho dịch vụ logistics nó...

Descripción completa

Guardado en:
Detalles Bibliográficos
Autor principal: Phan, Phú Quốc
Formato: Libro
Lenguaje:Undetermined
Publicado: Cần Thơ Trường Đại học Cần Thơ 2020
Materias:
Etiquetas: Agregar Etiqueta
Sin Etiquetas, Sea el primero en etiquetar este registro!
Thư viện lưu trữ: Trung tâm Học liệu Trường Đại học Cần Thơ
LEADER 01346nam a2200241Ia 4500
001 CTU_239413
008 210402s9999 xx 000 0 und d
082 |a 346.59707 
082 |b Qu451 
088 |a 8380107 
100 |a Phan, Phú Quốc 
245 0 |a Pháp luật về dịch vụ đại lý làm thủ tục hải quan : 
245 0 |b Luận văn Thạc sĩ Luật học. Chuyên ngành Luật Kinh tế 
245 0 |c Phan Phú Quốc ; Lê Thị Nguyệt Châu (Cán bộ hướng dẫn) 
260 |a Cần Thơ 
260 |b Trường Đại học Cần Thơ 
260 |c 2020 
520 |a Mục đích nghiên cứu từ thực tiễn làm sáng tỏ những vấn đề lý luận; đồng thời đánh giá thực trạng quy định của pháp luật dịch vụ đại lý làm thủ tục hải quan. Từ đó, đề xuất các giải pháp để hoàn thiện pháp luật cho dịch vụ logistics nói chung và đại lý làm thủ tục hải quan nói riêng trong nền kinh tế Việt Nam hiện nay. 
650 |a Commercial law,Luật thương mại 
650 |z Vietnam,Việt Nam 
904 |i Hải 
910 |c tvtrong 
980 |a Trung tâm Học liệu Trường Đại học Cần Thơ